El estrecho de Torres (Record no. 164446)

MARC details
000 -LEADER
campo de control de longitud fija 00762nam a2200193 i 4500
001 - NÚMERO DE CONTROL
campo de control 164446
003 - IDENTIFICADOR DE NÚMERO DE CONTROL
campo de control ES-MaACL
005 - FECHA Y HORA DE LA ÚLTIMA TRANSACCIÓN
campo de control 20251221063016.0
008 - DATOS DE LONGITUD FIJA--INFORMACIÓN GENERAL
campo de control de longitud fija 050823s1876 sp a | |||||||| ||spa d
040 ## - FUENTE DE CATALOGACIÓN
Centro catalogador/agencia de origen CAM
Lengua de catalogación spa
Centro/agencia transcriptor CAM
100 1# - ENTRADA PRINCIPAL--NOMBRE DE PERSONA
Nombre de persona Salgari, Emilio,
Fechas asociadas al nombre 1862-1911
9 (RLIN) 242636
245 13 - MENCIÓN DEL TÍTULO
Título El estrecho de Torres
Resto del título : segunda parte de Los solitarios del océano /
Mención de responsabilidad, etc. Emilio Salgari.
260 ## - PUBLICACIÓN, DISTRIBUCIÓN, ETC.
Lugar de publicación, distribución, etc. Madrid :
Nombre del editor, distribuidor, etc. Saturnino Calleja Fernández,
Fecha de publicación, distribución, etc. 1876 (
Fabricante Imprenta de Jaime Retés)
300 ## - DESCRIPCIÓN FÍSICA
Extensión 279 p. :
Otras características físicas il. ;
Dimensiones 18 cm.
490 1# - MENCIÓN DE SERIE
Mención de serie Biblioteca Calleja. Obras literarias de autores célebres ;
Designación de volumen o secuencia 59
830 0# - PUNTO DE ACCESO ADICIONAL DE SERIE-TÍTULO UNIFORME
Título uniforme Biblioteca Calleja. Obras literarias de autores célebres ;
Designación de volumen o secuencia 59
9 (RLIN) 188462
852 ## - LOCALIZACIÓN
Ubicación ES-MaACL
Número de control de estantería D-2452
Nota libre -- Enc. hol.
Holdings
Estatus retirado Estado de pérdida Estado de daño No para préstamo Colección Biblioteca de origen Biblioteca actual Ubicación en estantería Fecha de adquisición Fuente de adquisición Total de préstamos Signatura topográfica completa Código de barras Visto por última vez Precio de reemplazo Tipo de ítem Koha
        Libros del s. XIX Biblioteca del Ateneo de Madrid Biblioteca del Ateneo de Madrid Sala Valle Inclán 17/01/2008     D-2452 901172372 23/02/2023 23/02/2023 Libro impreso antiguo